000 00283nam a22001337a 4500
008 170331b xxu||||| |||| 00| 0 eng d
020 _a0892033320
041 _aeng
080 _a617
100 _a8
101 _aSHM
245 _aSPORTS MEDICINE 3
_cGARRICK, J.G
942 _2udc
_cBK
999 _c9308
_d9308